Tennessee State Parks - Statistics

General Stats
  • This quiz has been taken 3 times
  • The average score is 22 of 62
Answer Stats
Answer % Correct
Fall Creek Falls State Park
100%
Savage Gulf State Park
100%
Bicentennial Capitol Mall State Park
50%
Big Cypress Tree State Park
50%
Big Hill Pond State Park
50%
Booker T. Washington State Park
50%
Burgess Falls State Park
50%
Cedars of Lebanon State Park
50%
Chickasaw State Park
50%
Cordell Hull Birthplace State Park
50%
Cove Lake State Park
50%
Cumberland Mountain State Park
50%
Cumberland Trail State Park
50%
Cummins Falls State Park
50%
David Crockett Birthplace State Park
50%
David Crockett State Park
50%
Dunbar Cave State Park
50%
Edgar Evins State Park
50%
Fiery Gizzard State Park
50%
Fort Pillow State Park
50%
Frozen Head State Park
50%
Harpeth River State Park
50%
Head of the Crow State Park
50%
Hiwassee River State Park
50%
Long Hunter State Park
50%
Meeman-Shelby Forest State Park
50%
Middle Fork Bottoms State Park
50%
Montgomery Bell State Park
50%
Mousetail Landing State Park
50%
Nathan Bedford Forrest State Park
50%
Norris Dam State Park
50%
Old Stone Fort State Park
50%
Paris Landing State Park
50%
Pickett State Park
50%
Pickwick Landing State Park
50%
Pinson Mounds State Park
50%
Radnor Lake State Park
50%
Reelfoot State Park
50%
Roan Mountain State Park
50%
Rock Island State Park
50%
Seven Islands State Park
50%
T.O. Fuller State Park
50%
Big Ridge State Park
0%
Bledsoe Creek State Park
0%
Fort Loudoun State Park
0%
Harrison Bay State Park
0%
Henry Horton State Park
0%
Indian Mountain State Park
0%
Johnsonville State Park
0%
Natchez Trace State Park
0%
North Chickamauga Creek Gorge State Park
0%
Ocoee River State Park
0%
Panther Creek State Park
0%
Port Royal State Park
0%
Red Clay State Park
0%
Rocky Fort State Park
0%
Scotts Gulf State Park
0%
Sgt. Alvin C. York State Park
0%
Standing Stone State Park
0%
Sycamore Shoals State Park
0%
Tims Ford State Park
0%
Warriors' Path State Park
0%
No matching quizzes found
Score Distribution
Percent of People with Each Score
Percentile by Number Answered
Your Score History
You have not taken this quiz